Simpsons Pop Vinyl's - Statistics

General Stats
  • This quiz has been taken 63 times
    16 since last reset
  • The average score is 22 of 76
Answer Stats
Hint Answer % Correct
3 Original Character Bart Simpson
100%
1 Original Character Homer Simpson
100%
6 Original Character Lisa Simpson
100%
7 Original Character Maggie Simpson
100%
2 Original Character Marge Simpson
100%
24 Original Character Chief Wiggum
60%
10 Original Character Mr Burns
60%
23 Original Character Ned Flanders
60%
8 Original Character Grampa Simpson
50%
28 Original Character Itchy
50%
76 Treehouse of Horror/2-Pack Itchy & Scratchy
50%
75 Treehouse of Horror/2-Pack Kang & Kodos
50%
4 Original Character Krusty the Clown
50%
9 Original Character Moe Szyslak
50%
33 Original Character Ralph
50%
29 Original Character Scratchy
50%
14 Original Character Sideshow Bob
50%
26 Original Character Barney
40%
27 Original Character Duffman
40%
13 Original Character Milhouse
40%
56 Original Character Nelson Muntz
40%
68 Original Character Poochie
40%
5 Original Character Radioactive Man
40%
12 Variant of #3 Bartman
30%
22 Original Character Comic Book Guy
30%
72 Variant of #13 Fall Out Boy Milhouse
30%
63 TOH Variant of #3 Hugo Simpson
30%
73 Original Character Martin as Calliope
30%
50 Variant of #3 Bartigula
20%
70 Variant of #1 Deep Space Homer
20%
60 Original Character Dolph Starbeam
20%
51 Variant of #10 Emperor Montimus
20%
69 Variant of #1 Evil Homer
20%
61 TOH Variant of #1 Homerzilla
20%
58 Original Character Jimbo Jones
20%
59 Original Character Kearney Zzyzwicz
20%
52 Variant of #6 Lisandra
20%
53 Variant of #2 Marjora
20%
67 Original Character Mr. Sparkle
20%
66 TOH Variant of #20 Nightmare Willie
20%
54 Variant of #1 Obeseus
20%
62 TOH Variant of #2 Skeleton Marge
20%
64 TOH Variant of #6 Snail Lisa
20%
41 TOH Variant of #4 Vampire Krusty
20%
21 TOH Variant of #10 Vampire Mr Burns
20%
65 TOH Variant of #7 Witch Maggie
20%
39 TOH Variant of #2 Witch Marge
20%
19 TOH Variant of #7 Alien Maggie
10%
71 Variant of #3 Bart with Skateboard
10%
47 Variant of #1 Bellydancer Homer
10%
74 Variant of #14 Captain Bob
10%
17 TOH Variant of #6 Demon Lisa
10%
40 TOH Variant of #23 Devil Flanders
10%
44 TOH Variant of #1 Donut Head Homer
10%
20 TOH Evil Groundskeeper Willie
10%
16 TOH Variant of #3 Fly Boy Bart
10%
46 Variant of #3 Gamer Bart
10%
25 Variant of #3 Gangster Bart
10%
48 Variant of #10 Glowing Mr Burns
10%
36 TOH Variant of #1 Grim Reaper Homer
10%
57 Variant of #1 Homer in Hedges
10%
11 Variant of #1 Homer Muumuu
10%
34 Deluxe Variant of #1 Homer Watching TV
10%
42 TOH Variant of #1 Jack-in-the-Box Homer
10%
18 TOH Variant of #1 King Homer
10%
31 Original Character Lard Lad
10%
35 Variant of #1 Mr Plow
10%
32 Original Character Otto Mann
10%
15 TOH Variant of #2 Panther Marge
10%
37 TOH Variant of #3 Spaceman Bart
10%
49 Variant of #23 Stupid Sexy Flanders
10%
43 TOH Variant of #3 The Raven Bart
10%
30 Variant of #1 U.S.A. Homer
10%
45 TOH Variant of #3 Werewolf Bart
10%
55 Variant of #1 Young Obeseus
10%
38 TOH Variant of #3 Zombie Bart
10%
No matching quizzes found
Score Distribution
Percent of People with Each Score
Percentile by Number Answered
Your Score History
You have not taken this quiz since the last reset